| 000 | 00505 a2200169 4500 | ||
|---|---|---|---|
| 020 | _a981405349X | ||
| 040 | _aDLC | ||
| 082 | _a621.381 | ||
| 100 | _aStorey, Neil. | ||
| 245 |
_aElectronics: a systems approach _cNeil Storey. |
||
| 250 | _a2nd ed. | ||
| 260 |
_aNew Delhi: _bPearson Education Asia, _c2000. |
||
| 300 |
_axv, 672 p. : _bill. ; _c24 cm. |
||
| 500 | _aIncludes bibliographical references and index. | ||
| 650 | _a1.Electronic systems.2.Electronic circuits. | ||
| 942 |
_cBK _k621.381 STO _2ddc |
||
| 999 |
_c6007 _d6007 |
||